| 000 | 00759nam a2200205 a 4500 | ||
|---|---|---|---|
| 001 | 000041203 | ||
| 005 | 20201002034714.0 | ||
| 008 | 130925s1998 sp 001 0 spa d | ||
| 020 | _a8481642762 | ||
| 040 |
_aDO-SdBNP _bspa _cBNPHU |
||
| 245 | 0 | 0 |
_aConcepciones de la metafísica / _cedición de Jorge J. E. Gracia. |
| 260 |
_aMadrid : _bConsejo Superior de Investigaciones Científicas, _c1998. |
||
| 300 |
_a357 p. : _bil, ; _c24 cm. |
||
| 490 | 1 |
_aEnciclopedia iberoamericana de filosofía _v17 |
|
| 500 | _aIncluye índice | ||
| 504 | _aBibliografía : p. 337-339 | ||
| 504 | _aIncluye referencias bibliográficas y notas al pie de las páginas | ||
| 700 | 1 |
_aGracia, Jorge J.E. _967777 |
|
| 830 | 0 |
_aEnciclopedia iberoamericana de filosofía _v17 _915735 |
|
| 999 |
_c40693 _d40693 |
||